<?xml version="1.0" encoding="UTF-8"?>
<record
    xmlns:xsi="http://www.w3.org/2001/XMLSchema-instance"
    xsi:schemaLocation="http://www.loc.gov/MARC21/slim http://www.loc.gov/standards/marcxml/schema/MARC21slim.xsd"
    xmlns="http://www.loc.gov/MARC21/slim">

  <leader>01347cam a22002891i 4500</leader>
  <controlfield tag="003">SA-RiAUC</controlfield>
  <controlfield tag="005">20250326120820.0</controlfield>
  <controlfield tag="008">250326s1900    ly     g      000 0 ara c</controlfield>
  <datafield tag="040" ind1=" " ind2=" ">
    <subfield code="a">JO-IrYU</subfield>
    <subfield code="b">ara</subfield>
    <subfield code="c">SA-RiAUC</subfield>
    <subfield code="e">rda</subfield>
  </datafield>
  <datafield tag="050" ind1="1" ind2="4">
    <subfield code="b">.S3284</subfield>
  </datafield>
  <datafield tag="082" ind1="0" ind2="4">
    <subfield code="a">258.2</subfield>
  </datafield>
  <datafield tag="090" ind1=" " ind2=" ">
    <subfield code="a">&#x646; 258.2  </subfield>
    <subfield code="b">   &#x639; &#x644; &#x64A;</subfield>
  </datafield>
  <datafield tag="100" ind1="1" ind2=" ">
    <subfield code="a">&#x639;&#x644;&#x64A;&#x634;&#x60C; &#x645;&#x62D;&#x645;&#x62F; &#x628;&#x646; &#x623;&#x62D;&#x645;&#x62F; &#x628;&#x646; &#x645;&#x62D;&#x645;&#x62F;&#x60C;</subfield>
    <subfield code="c">&#x627;&#x644;&#x634;&#x64A;&#x62E;&#x60C;</subfield>
    <subfield code="d">1217-1299 &#x647;&#x62C;&#x631;&#x64A;</subfield>
    <subfield code="e">&#x645;&#x624;&#x644;&#x641;.</subfield>
  </datafield>
  <datafield tag="245" ind1="1" ind2="0">
    <subfield code="a">&#x634;&#x631;&#x62D; &#x645;&#x646;&#x62D; &#x627;&#x644;&#x62C;&#x644;&#x64A;&#x644; &#x639;&#x644;&#x649; &#x645;&#x62E;&#x62A;&#x635;&#x631; &#x627;&#x644;&#x639;&#x644;&#x627;&#x645;&#x629; &#x62E;&#x644;&#x64A;&#x644; &#x61B;</subfield>
    <subfield code="b">&#x648;&#x628;&#x647;&#x627;&#x645;&#x634;&#x647; &#x62D;&#x627;&#x634;&#x64A;&#x62A;&#x647; &#x627;&#x644;&#x645;&#x633;&#x645;&#x627;&#x629; &#x62A;&#x633;&#x647;&#x64A;&#x644; &#x645;&#x646;&#x62D; &#x627;&#x644;&#x62C;&#x644;&#x64A;&#x644; /</subfield>
    <subfield code="c">&#x644;&#x645;&#x62D;&#x645;&#x62F; &#x639;&#x644;&#x64A;&#x634;.</subfield>
  </datafield>
  <datafield tag="264" ind1=" " ind2="1">
    <subfield code="a">&#x637;&#x631;&#x627;&#x628;&#x644;&#x633;&#x60C; &#x644;&#x64A;&#x628;&#x64A;&#x627; :</subfield>
    <subfield code="b">&#x645;&#x643;&#x62A;&#x628;&#x629; &#x627;&#x644;&#x646;&#x62C;&#x627;&#x62D;&#x60C;</subfield>
    <subfield code="c">1900</subfield>
  </datafield>
  <datafield tag="300" ind1=" " ind2=" ">
    <subfield code="a">4 &#x645;&#x62C;&#x644;&#x62F;&#x61B;</subfield>
    <subfield code="c">29 &#x633;&#x645;</subfield>
  </datafield>
  <datafield tag="336" ind1=" " ind2=" ">
    <subfield code="a">&#x646;&#x635;</subfield>
    <subfield code="b">txt</subfield>
    <subfield code="2">rdacontent</subfield>
    <subfield code="3">&#x643;&#x62A;&#x627;&#x628;</subfield>
  </datafield>
  <datafield tag="337" ind1=" " ind2=" ">
    <subfield code="a">&#x628;&#x62F;&#x648;&#x646; &#x648;&#x633;&#x64A;&#x637;</subfield>
    <subfield code="b">n</subfield>
    <subfield code="2">rdamedia</subfield>
  </datafield>
  <datafield tag="338" ind1=" " ind2=" ">
    <subfield code="a">&#x645;&#x62C;&#x644;&#x62F;</subfield>
    <subfield code="b">nc</subfield>
    <subfield code="2">rdacarrier</subfield>
  </datafield>
  <datafield tag="650" ind1=" " ind2="7">
    <subfield code="a">&#x627;&#x644;&#x641;&#x642;&#x647; &#x627;&#x644;&#x645;&#x627;&#x644;&#x643;&#x64A;</subfield>
    <subfield code="2">aucsh</subfield>
  </datafield>
  <datafield tag="650" ind1=" " ind2="7">
    <subfield code="a">&#x627;&#x644;&#x641;&#x642;&#x647; &#x627;&#x644;&#x625;&#x633;&#x644;&#x627;&#x645;&#x64A;</subfield>
    <subfield code="x">&#x645;&#x630;&#x627;&#x647;&#x628;</subfield>
    <subfield code="2">aucsh</subfield>
  </datafield>
  <datafield tag="700" ind1="0" ind2="2">
    <subfield code="a">&#x62E;&#x644;&#x64A;&#x644; &#x628;&#x646; &#x625;&#x633;&#x62D;&#x627;&#x642; &#x628;&#x646; &#x645;&#x648;&#x633;&#x649; &#x627;&#x644;&#x62C;&#x646;&#x62F;&#x64A;&#x60C;</subfield>
    <subfield code="c">&#x627;&#x644;&#x634;&#x64A;&#x62E;&#x60C;</subfield>
    <subfield code="d">&#x62A;&#x648;&#x641;&#x64A; 776 &#x647;&#x62C;&#x631;&#x64A;</subfield>
    <subfield code="t">&#x645;&#x62E;&#x62A;&#x635;&#x631; &#x627;&#x644;&#x639;&#x644;&#x627;&#x645;&#x629; &#x62E;&#x644;&#x64A;&#x644; &#x641;&#x64A; &#x641;&#x642;&#x647; &#x627;&#x644;&#x625;&#x645;&#x627;&#x645; &#x645;&#x627;&#x644;&#x643;.</subfield>
  </datafield>
  <datafield tag="740" ind1="0" ind2="2">
    <subfield code="a">&#x645;&#x62E;&#x62A;&#x635;&#x631; &#x627;&#x644;&#x639;&#x644;&#x627;&#x645;&#x629; &#x62E;&#x644;&#x64A;&#x644; &#x641;&#x64A; &#x641;&#x642;&#x647; &#x627;&#x644;&#x625;&#x645;&#x627;&#x645; &#x645;&#x627;&#x644;&#x643;.</subfield>
  </datafield>
  <datafield tag="740" ind1="0" ind2="2">
    <subfield code="a">&#x62A;&#x633;&#x647;&#x64A;&#x644; &#x645;&#x646;&#x62D; &#x627;&#x644;&#x62C;&#x644;&#x64A;&#x644;.</subfield>
  </datafield>
  <datafield tag="942" ind1=" " ind2=" ">
    <subfield code="2">ddc</subfield>
    <subfield code="c">RARE BOOK</subfield>
    <subfield code="n">0</subfield>
  </datafield>
  <datafield tag="949" ind1=" " ind2=" ">
    <subfield code="a">SA-JeALM</subfield>
    <subfield code="d">250326</subfield>
    <subfield code="u">eid123</subfield>
    <subfield code="n">1</subfield>
  </datafield>
  <datafield tag="952" ind1=" " ind2=" ">
    <subfield code="0">0</subfield>
    <subfield code="1">0</subfield>
    <subfield code="2">ddc</subfield>
    <subfield code="3">&#x627;&#x644;&#x62C;&#x632;&#x621; &#x627;&#x644;&#x627;&#x648;&#x644;</subfield>
    <subfield code="4">0</subfield>
    <subfield code="7">0</subfield>
    <subfield code="a">WAHAB</subfield>
    <subfield code="b">WAHAB</subfield>
    <subfield code="d">2025-03-26</subfield>
    <subfield code="l">0</subfield>
    <subfield code="o">&#x646; 258.2  &#x639; &#x644; &#x64A;</subfield>
    <subfield code="p">000011167</subfield>
    <subfield code="r">2025-03-26 12:08:57</subfield>
    <subfield code="w">2025-03-26</subfield>
    <subfield code="y">RARE BOOK</subfield>
  </datafield>
  <datafield tag="952" ind1=" " ind2=" ">
    <subfield code="0">0</subfield>
    <subfield code="1">0</subfield>
    <subfield code="2">ddc</subfield>
    <subfield code="3">&#x627;&#x644;&#x62C;&#x632;&#x621; &#x627;&#x644;&#x62B;&#x627;&#x646;&#x64A;</subfield>
    <subfield code="4">0</subfield>
    <subfield code="7">0</subfield>
    <subfield code="a">WAHAB</subfield>
    <subfield code="b">WAHAB</subfield>
    <subfield code="d">2025-03-26</subfield>
    <subfield code="l">0</subfield>
    <subfield code="o">&#x646; 258.2  &#x639; &#x644; &#x64A;</subfield>
    <subfield code="p">000011168</subfield>
    <subfield code="r">2025-03-26 12:08:57</subfield>
    <subfield code="w">2025-03-26</subfield>
    <subfield code="y">RARE BOOK</subfield>
  </datafield>
  <datafield tag="952" ind1=" " ind2=" ">
    <subfield code="0">0</subfield>
    <subfield code="1">0</subfield>
    <subfield code="2">ddc</subfield>
    <subfield code="3">&#x627;&#x644;&#x62C;&#x632;&#x621; &#x627;&#x644;&#x62B;&#x627;&#x644;&#x62B;</subfield>
    <subfield code="4">0</subfield>
    <subfield code="7">0</subfield>
    <subfield code="a">WAHAB</subfield>
    <subfield code="b">WAHAB</subfield>
    <subfield code="d">2025-03-26</subfield>
    <subfield code="l">0</subfield>
    <subfield code="o">&#x646; 258.2  &#x639; &#x644; &#x64A;</subfield>
    <subfield code="p">000011169</subfield>
    <subfield code="r">2025-03-26 12:08:57</subfield>
    <subfield code="w">2025-03-26</subfield>
    <subfield code="y">RARE BOOK</subfield>
  </datafield>
  <datafield tag="952" ind1=" " ind2=" ">
    <subfield code="0">0</subfield>
    <subfield code="1">0</subfield>
    <subfield code="2">ddc</subfield>
    <subfield code="3">&#x627;&#x644;&#x62C;&#x632;&#x621; &#x627;&#x644;&#x631;&#x627;&#x628;&#x639;</subfield>
    <subfield code="4">0</subfield>
    <subfield code="7">0</subfield>
    <subfield code="a">WAHAB</subfield>
    <subfield code="b">WAHAB</subfield>
    <subfield code="d">2025-03-26</subfield>
    <subfield code="l">0</subfield>
    <subfield code="o">&#x646; 258.2  &#x639; &#x644; &#x64A;</subfield>
    <subfield code="p">000011170</subfield>
    <subfield code="r">2025-03-26 12:08:57</subfield>
    <subfield code="w">2025-03-26</subfield>
    <subfield code="y">RARE BOOK</subfield>
  </datafield>
  <datafield tag="999" ind1=" " ind2=" ">
    <subfield code="c">6637</subfield>
    <subfield code="d">6637</subfield>
  </datafield>
</record>
